On the role of diplomatic language

Úloha diplomatického jazyka v oblasti medzinárodných vzťahov. Komunikačné zručnosti diplomatov.

Salvato in:
Dettagli Bibliografici
Autore principale: Rusiňáková, Jarmila, 1959-
Natura: Capitolo di libro
Lingua:inglese
Soggetti:
Tags: Aggiungi Tag
Nessun Tag, puoi essere il primo ad aggiungerne!!

MARC

LEADER 00000naa a2200000 4500
001 0198721
005 20240502073346.7
041 0 |a eng 
044 |a SK 
245 1 0 |a On the role of diplomatic language  |c Jarmila Rusiňáková 
520 |a Úloha diplomatického jazyka v oblasti medzinárodných vzťahov. Komunikačné zručnosti diplomatov. 
610 2 0 |a jazykoveda 
610 2 0 |a komunikácia 
610 2 0 |a jazyky cudzie 
610 2 0 |a diplomati 
610 2 0 |a diplomacia 
610 2 0 |a vzťahy zahraničné 
100 1 |a Rusiňáková, Jarmila, 1959-